| 000 | 00655nam a22001817a 4500 | ||
|---|---|---|---|
| 005 | 20240404155749.0 | ||
| 008 | 090826t xxu||||| |||| 00| 0 eng d | ||
| 010 | _aENG-139623 | ||
| 020 | _c300.00 | ||
| 035 | _aEN-123155 | ||
| 037 | _bDBAD/PUB | ||
| 082 | _a791.43733 | ||
| 245 |
_aKerala Talkies: _bCelebrating Malayalam Cinema @Kerala's Diamond Jubilee/ _cEdited by A Chandrasekhar |
||
| 260 |
_bChintha Publishers _aVivekanandha Nagar |
||
| 270 |
_aVivekanandha Nagar _b Thiruvananthapuram _e695035 |
||
| 300 |
_a171p; _c24cm(pbk) |
||
| 942 |
_2ddc _cEN _h791.43733 _mKER |
||
| 999 |
_c201353 _d201353 |
||